Public expenditure management handbook. (Record no. 702)

MARC details
000 -LEADER
fixed length control field 01186nam a2200325 a 4500
001 - CONTROL NUMBER
control field 2625111
003 - CONTROL NUMBER IDENTIFIER
control field OSt
005 - DATE AND TIME OF LATEST TRANSACTION
control field 20230606145449.0
008 - FIXED-LENGTH DATA ELEMENTS--GENERAL INFORMATION
fixed length control field 980806s1998 dcua f i000 0 eng d
010 ## - LIBRARY OF CONGRESS CONTROL NUMBER
LC control number 98195281
020 ## - INTERNATIONAL STANDARD BOOK NUMBER
International Standard Book Number 0821342975
035 ## - SYSTEM CONTROL NUMBER
System control number (OCoLC)39649602
040 ## - CATALOGING SOURCE
Original cataloging agency FU
Transcribing agency FU
Modifying agency DLC
042 ## - AUTHENTICATION CODE
Authentication code lccopycat
050 00 - LIBRARY OF CONGRESS CALL NUMBER
Classification number HJ7461
Item number .P825 1998
082 ## - DEWEY DECIMAL CLASSIFICATION NUMBER
Classification number 658.155
Item number PUB
245 00 - TITLE STATEMENT
Title Public expenditure management handbook.
260 ## - PUBLICATION, DISTRIBUTION, ETC. (IMPRINT)
Place of publication, distribution, etc. Washington, D.C. :
Name of publisher, distributor, etc. World Bank,
Date of publication, distribution, etc. 1998.
300 ## - PHYSICAL DESCRIPTION
Extent vii, 177 p. :
Other physical details ill. ;
Dimensions 28 cm.
500 ## - GENERAL NOTE
General note "The report was produced by the Poverty Reduction and Economic Management (PREM) Network of the Bank under the guidance of Cheryl Gray"--P. vi.
650 #0 - SUBJECT ADDED ENTRY--TOPICAL TERM
Topical term or geographic name as entry element Expenditures, Public
General subdivision Handbooks, manuals, etc.
650 #0 - SUBJECT ADDED ENTRY--TOPICAL TERM
Topical term or geographic name as entry element Budget
General subdivision Handbooks, manuals, etc.
650 #0 - SUBJECT ADDED ENTRY--TOPICAL TERM
Topical term or geographic name as entry element Government spending policy
General subdivision Handbooks, manuals, etc.
700 1# - ADDED ENTRY--PERSONAL NAME
Personal name Gray, Cheryl Williamson,
Dates associated with a name 1954-
710 2# - ADDED ENTRY--CORPORATE NAME
Corporate name or jurisdiction name as entry element World Bank.
710 2# - ADDED ENTRY--CORPORATE NAME
Corporate name or jurisdiction name as entry element World Bank.
Subordinate unit Poverty Reduction and Economic Management.
906 ## - LOCAL DATA ELEMENT F, LDF (RLIN)
a 7
b cbc
c copycat
d 2
e ncip
f 19
g y-gencatlg
942 ## - ADDED ENTRY ELEMENTS (KOHA)
Source of classification or shelving scheme Dewey Decimal Classification
Koha item type Books
Holdings
Withdrawn status Lost status Source of classification or shelving scheme Damaged status Not for loan Home library Current library Date acquired Total Checkouts Full call number Barcode Date last seen Price effective from Koha item type
    Dewey Decimal Classification     Bunge Tower Library Bunge Tower Library 06/06/2023   658.155 PUB 10002164 06/06/2023 06/06/2023 Books
LIBRARY OPENING HOURS

When the Parliament is sitting: 8.00a.m - 7.00p.m or until the house adjourns
Mondays and Fridays and when the House is on Recess:  8.00a.m - 5.00p.m
Closed on Weekends and Public Holidays

Online Public Access Catalog (OPAC)
Website: http://www.parliament.go.ke
Bunge Library: https://libraryir.parliament.go.ke
Contact: library@parliament.go.ke | Tel no: (254-2)2221291 or 2848000 Ext 5043